| Tag |
First Indicator |
Second Indicator |
Subfields |
| LEADER |
00000cam a2200000 4500 |
| 001 |
in00000026116 |
| 005 |
20151007055819.0 |
| 008 |
751020s1956 hu ab b 00010 ger c |
| 010 |
|
|
|a a 58002684
|
| 035 |
|
|
|a (OCoLC)01720166
|
| 035 |
|
|
|9 AAB9330AM
|
| 040 |
|
|
|a Harvard Univ. Library
|c CIN
|d SER
|d m/c
|d UtOrBLW
|
| 041 |
1 |
|
|a ger
|h und
|
| 049 |
|
|
|a TXAM
|c [A11074904]
|
| 050 |
|
4 |
|a DB920
|b .T5 1956
|
| 100 |
1 |
|
|a Thomas, Edit B.
|
| 245 |
1 |
0 |
|a Archäologische Funde in Ungarn /
|c herausgegeben von Edit B. Thomas ; verfasst von László Vértes ... [and others Übersetzt von Jenő Kende].
|
| 264 |
|
1 |
|a Budapest :
|b Corvina,
|c [1956]
|
| 264 |
|
4 |
|c ©1956
|
| 300 |
|
|
|a 425 pages, 4 unnumbered folded leaves of plates :
|b illustrations (some color), color maps ;
|c 33 cm.
|
| 336 |
|
|
|a text
|b txt
|2 rdacontent
|
| 337 |
|
|
|a unmediated
|b n
|2 rdamedia
|
| 338 |
|
|
|a volume
|b nc
|2 rdacarrier
|
| 504 |
|
|
|a Bibliography: pages 419-422.
|
| 651 |
|
0 |
|a Hungary
|x Antiquities.
|
| 650 |
|
0 |
|a Archaeology.
|
| 700 |
1 |
|
|a Vértes, László.
|
| 999 |
|
|
|a MARS
|
| 999 |
f |
f |
|s 273a77f2-3949-30ab-9071-6a9c36e741f9
|i 05875018-bac1-3b4e-8ea9-e4a961a53008
|t 0
|
| 952 |
f |
f |
|p ric
|a Texas A&M University
|b Rellis Campus
|c Joint Library Facility
|d Remote Storage
|t 0
|e DB920 .T5 1956
|h Library of Congress classification
|i unmediated -- volume
|m A14811074904
|
| 998 |
f |
f |
|a DB920 .T5 1956
|t 0
|l Remote Storage
|